[Event "5th Vergani Cup January 2021"]
[Site "Bassano del Grappa"]
[Date "2021.01.06"]
[Round "6.5"]
[White "Nguyen, Thai Dai Van"]
[Black "Beerdsen, Thomas"]
[Result "1-0"]
[WhiteElo "2571"]
[BlackElo "2479"]
[Annotator "TA"]
[PlyCount "97"]
[EventDate "2021.01.03"]
[EventType "swiss"]
[EventCountry "ITA"]
[SourceTitle "playchess.com"]
[Source "ChessBase"]
[SourceQuality "1"]

{[%evp 9,96,25,45,40,43,43,44,55,60,60,52,17,45,27,29,36,58,67,54,58,57,48,40,43,35,33,82,82,79,30,30,18,26,18,25,23,12,13,30,7,8,4,6,7,8,14,84,80,81,81,81,78,78,67,76,79,83,79,82,79,79,83,78,59,101,112,121,111,111,98,96,92,164,164,163,160,151,109,365,365,29967,29967,6123,5695,29997,29998,29998,29999,29999]} 1. d4 d5 2. c4 e6 3. Nc3 a6 4. cxd5 exd5 5. Qb3 Bd6 6. Qxd5 {D31: Queen's Gambit Declined: Semi-Slav without ...Nf6 (+ Marshall Gambit and Noteboom) and Exchange Variation lines without ...Nf6.} Nf6 7. Qb3 c5 {[#]} 8. Be3 $146 {White is slightly better.} ({Predecessor:} 8. dxc5 Bxc5 9. Nf3 Nc6 10. a3 O-O 11. Qc2 Re8 12. e3 Qe7 13. Be2 b5 14. b4 {0-1 (28) Admiraal,M (2506)-Warmerdam,M (2497) Netherlands 2019}) 8... cxd4 9. Bxd4 Nc6 10. Nf3 (10. Bb6 {feels hotter.} Qe7 11. e3 O-O 12. Nf3 Be6 13. Bc4) 10... Nxd4 11. Nxd4 O-O 12. e3 Be5 13. Rd1 Qc7 14. Be2 Rd8 15. h3 Bxd4 16. exd4 Be6 17. Qa3 Qb6 {[#]} 18. O-O $1 Rxd4 19. Rxd4 (19. Na4 $5 {[%cal Ra4b6]} Qb4 20. Rxd4 Qxd4 21. Rd1 $14) 19... Qxd4 20. Rd1 Qb6 21. Bf3 Re8 22. Na4 Qc7 23. Qc5 Qb8 24. Nc3 b5 25. b3 (25. Qc6 {with more complications.} b4 26. Ne2 a5 27. Qc5 Bd7 28. Rd6) 25... h6 26. Qd6 Qxd6 27. Rxd6 Rc8 (27... b4 $11 {keeps the balance.} 28. Ne2 Bd7) 28. Ne2 $16 a5 29. Ra6 a4 30. bxa4 bxa4 31. Rxa4 Rc2 32. Ra8+ Kh7 33. a4 Rc4 34. a5 Bd5 35. Bxd5 Nxd5 {[%mdl 4096] Endgame KRN-KRN} 36. Ra7 Re4 37. Ng3 ({Stronger than} 37. Rxf7 Rxe2 38. Rf5 (38. a6 $2 Ra2 $19) 38... Ne7 $17) 37... Re1+ 38. Kh2 Kg6 39. Rd7 Nf6 40. Rd6 Kg5 (40... Ra1 $16 {was called for.}) 41. a6 $18 {[%cal Ba5a6,Ba6a7][%mdl 32]} Ra1 {[#]} 42. Ne2 $1 Ne4 43. f4+ Kh4 $2 {[%mdl 8192] This move loses the game for Black.} (43... Kh5 $16 {keeps fighting.} 44. Rc6 Ra4) 44. Rc6 {aiming for Nd4.} g6 $2 (44... Nf2 $18 45. g3+ Kh5) 45. Nd4 Ra2 46. a7 Nf2 {[#]} 47. Nf5+ $1 {[%mdl 576] Double Attack. White mates.} Kh5 48. Ng7+ Kh4 49. g3# {Weighted Error Value: White=0.06/Black=0.48} 1-0

[Event "5th Vergani Cup January 2021"]
[Site "Bassano del Grappa"]
[Date "2021.01.06"]
[Round "6.6"]
[White "Dardha, Daniel"]
[Black "Basso, Pier Luigi"]
[Result "1-0"]
[WhiteElo "2487"]
[BlackElo "2561"]
[Annotator "TA"]
[PlyCount "111"]
[EventDate "2021.01.03"]
[EventType "swiss"]
[EventCountry "ITA"]
[SourceTitle "playchess.com"]
[Source "ChessBase"]
[SourceQuality "1"]

{[%evp 9,110,41,108,106,103,87,96,0,28,20,25,26,26,26,30,27,30,18,25,18,18,0,18,0,18,0,0,0,4,14,50,20,21,0,22,0,61,61,61,61,61,61,117,116,115,109,118,79,92,93,103,103,111,123,102,-32,37,52,45,35,101,100,421,424,417,395,504,496,466,487,587,566,493,531,466,341,321,322,437,434,422,410,672,670,616,608,29976,29977,29977,29978,29978,29979,29974,29975,29995,29996,29996,29997,29997,29998,29998,29999,29999]} 1. c4 g6 2. Nc3 Bg7 3. d4 c5 4. d5 Bxc3+ 5. bxc3 e5 (5... f5 $14) 6. e4 $1 $16 {A40: Unusual replies to 1 d4.} d6 7. Bd3 {7.dxe6 is the fancy move.} Nd7 {[#]} 8. f4 $146 (8. Ne2 $16) ({Predecessor:} 8. Ne2 Qe7 9. O-O Ngf6 10. f3 Nh5 11. g3 O-O 12. Bh6 Ng7 13. g4 Nb6 14. Kh1 {½-½ (67) Uwira,O (2249)-Nothnagel,H (2303) Germany 2012}) 8... exf4 9. Bxf4 Qh4+ 10. Bg3 Qe7 11. Nf3 Nh6 $1 12. O-O f6 13. a4 a5 14. Bh4 O-O 15. Rb1 Nf7 16. Qd2 Kg7 17. h3 (17. Rf2 {is more complex.} b6 18. Rbf1 Ba6 19. Qb2 Kg8 20. Qc2) 17... Rb8 18. Rf2 b6 19. Rbf1 g5 20. Bg3 (20. e5 $5 dxe5 21. Bg3 $16) 20... Nfe5 21. Be2 Ba6 22. Qa2 Ng6 (22... Nxf3+ $11 23. Rxf3 Ne5) 23. Ne1 $14 Nde5 24. Nc2 Bc8 25. Ne3 Nf4 ({Better is} 25... Bd7 $14) 26. Bxf4 $16 gxf4 27. Rxf4 Ng6 28. R4f2 Qxe4 29. Qd2 Qe5 30. Bd3 {Threatens to win with Bf5.} Qg5 31. Bf5 Re8 32. Re1 (32. Be6 $1 $16) 32... Nh4 (32... Re5 $1 $15 33. Bxc8 Rxc8) 33. Bxc8 Rbxc8 34. Kh2 {Strongly threatening g3.} Kh8 {[#]} 35. g3 $1 {[%cal Rg3h4]} Re4 {[%mdl 8192] A mistake that costs the game.} 36. gxh4 $18 Qe5+ 37. Kg1 Re8 38. Rf3 f5 39. Kf1 Rf4 40. Rxf4 Qxf4+ 41. Qf2 Qe4 42. Ng2 Qxc4+ 43. Kg1 Rxe1+ 44. Qxe1 {Qe8+ is the strong threat.} ({Weaker is} 44. Nxe1 Qxc3 45. Nc2 Qe5 $18) 44... Qxd5 45. Nf4 Qg8+ (45... Qf7 $142 46. Kh2 Kg8) 46. Kf2 Qa2+ 47. Kg3 Qxa4 {[#]} 48. Qe7 {[%cal Re7f8] White mates.} Qc4 49. Qf6+ {[%mdl 64] Double Attack} Kg8 50. Qd8+ {[%mdl 64] Double Attack} Kf7 51. Qd7+ {[%mdl 64] Double Attack} Kg8 52. Qe8+ Kg7 53. Nh5+ Kh6 54. Qf8+ {[%mdl 64] Double Attack} Kxh5 55. Qxf5+ {[%mdl 64] Double Attack} Kh6 56. Qg5# {Weighted Error Value: White=0.12/Black=0.48} 1-0

[Event "5th Vergani Cup January 2021"]
[Site "Bassano del Grappa"]
[Date "2021.01.06"]
[Round "6.7"]
[White "Checa, Nicolas"]
[Black "Sonis, Francesco"]
[Result "1-0"]
[WhiteElo "2527"]
[BlackElo "2483"]
[Annotator "TA"]
[PlyCount "75"]
[EventDate "2021.01.03"]
[EventType "swiss"]
[EventCountry "ITA"]
[SourceTitle "playchess.com"]
[Source "ChessBase"]
[SourceQuality "1"]

{[%evp 10,75,12,-8,-8,-5,-6,-8,0,0,0,0,0,-8,0,-1,-8,-14,12,11,12,8,19,14,26,18,64,0,0,0,26,18,38,25,99,97,88,86,91,91,89,91,366,366,551,548,538,512,600,600,670,498,470,461,750,750,599,437,646,419,703,706,682,678,733,736,1111,842]} 1. Nf3 d5 2. c4 e6 3. g3 dxc4 4. Qa4+ Bd7 5. Qxc4 c5 6. Ne5 Nc6 {A13: English Opening: 1...e6.} 7. Nxd7 Qxd7 8. Bg2 Rc8 {The position is equal. is the legacy move (8...Nf6).} 9. O-O Nd4 {Strongly threatening ...b5.} 10. a4 Nf6 11. Nc3 Be7 {[#]} 12. a5 $146 ({Predecessor:} 12. e3 Nc6 13. a5 O-O 14. Qb5 Rc7 15. Rd1 Rd8 16. a6 b6 17. Qe2 Nd5 18. Nb5 {0-1 (32) Usmanov,V (2462)-Riazantsev,A (2671) St Petersburg 2015}) 12... O-O 13. Qa4 Nc6 14. d3 a6 15. Bg5 Rfd8 16. Rfc1 Nd4 17. Kf1 Ng4 18. Bxe7 ({Better is} 18. Qxd7 $1 $14 Rxd7 19. Bxe7 Rxe7 20. h3) 18... Qxe7 $11 19. h3 Nf6 20. Qa3 Nd5 21. e3 Nb5 (21... Nf5 $11 {keeps the balance.}) 22. Nxb5 $16 axb5 23. d4 $1 {[%cal Rc1c5]} b4 24. Qd3 cxd4 25. Qxd4 Nc3 $2 {[%mdl 8192] [#] This costs Black the game.} 26. Qa7 $1 $18 Nd5 (26... Nb5 $142 27. Qxb7 Qxb7 28. Bxb7 Rxc1+ 29. Rxc1 Kf8) 27. Rxc8 Rxc8 {[#]} 28. e4 $1 Nf6 29. a6 {[%cal Ba5a6,Ba6b7][%mdl 32]} Qc7 30. axb7 Rf8 31. Kg1 h5 (31... Nd7 $142 32. b8=Q {[%mdl 64] Deflection} Qxb8 33. Qxd7 Rd8) 32. e5 Qxe5 33. Bc6 Qd6 {[#]} (33... Qc7 $142 34. Ra6 h4 35. gxh4 e5) 34. Qa8 $1 Kh7 (34... Qxc6 $142 35. Qxf8+ {[%mdl 64] Promotion} Kxf8 36. b8=Q+ Ne8 37. Qxb4+ Nd6) 35. Qc8 {White is clearly winning.} h4 36. g4 Rd8 37. Bf3 Qb6 {[#]} 38. Ra6 $3 {[%mdl 576] Promotion.  Weighted Error Value: White=0.19/Black=0.60} 1-0

[Event "5th Vergani Cup January 2021"]
[Site "Bassano del Grappa"]
[Date "2021.01.06"]
[Round "6.8"]
[White "Horvath, Dominik"]
[Black "Sebenik, Matej"]
[Result "1-0"]
[WhiteElo "2446"]
[BlackElo "2501"]
[Annotator "TA"]
[PlyCount "103"]
[EventDate "2021.01.03"]
[EventType "swiss"]
[EventCountry "ITA"]
[SourceTitle "playchess.com"]
[Source "ChessBase"]
[SourceQuality "1"]

{[%evp 25,103,49,42,32,27,27,36,22,16,22,35,25,24,20,36,27,13,31,22,0,0,0,19,24,26,29,52,53,89,86,103,109,92,93,120,125,206,184,200,183,241,233,275,116,113,126,141,87,131,0,0,0,0,0,0,0,50,33,54,47,50,56,95,72,124,130,127,125,189,48,48,49,144,144,144,144,148,144,29997,29998]} 1. e4 c5 2. Nf3 Nc6 3. d4 cxd4 4. Nxd4 Nf6 5. Nc3 e5 6. Ndb5 d6 7. Bg5 a6 8. Na3 b5 9. Bxf6 gxf6 10. Nd5 f5 11. Bd3 Be6 12. O-O Bxd5 13. exd5 Ne7 $1 14. Re1 {14.c3 is vanishing. B33: Sicilian: Pelikan and Sveshnikov Variations.} Bg7 {...e4 is the strong threat.} 15. c3 O-O 16. Qh5 {White is slightly better. 16.Qh5 has lost popularity.} e4 17. Bf1 Re8 $1 18. Nc2 Nxd5 19. Qxf5 Re5 20. Qh3 Qb6 21. Rad1 Rae8 22. Rxe4 Rxe4 23. Rxd5 {[#]} Qd8 $146 (23... Qa5 {with more complications.} 24. Nb4 Qc7 25. Nc2 Qa5) ({Predecessor:} 23... R4e5 24. Rd3 Qc5 25. Ne3 f5 26. b4 Qc8 27. f4 Rxe3 28. Rxe3 Rxe3 29. Qxe3 Bxc3 {1-0 (51) Robson,R (2667)-Kasimdzhanov,R (2663) Saint Louis 2019}) 24. Bd3 Rh4 25. Qf3 Re5 26. Ne3 Rxd5 27. Qxd5 Rh6 28. Bf5 $1 b4 29. cxb4 Rh4 30. Bg4 Qf6 (30... Qb8 $16 {keeps fighting.}) 31. g3 $18 Rh6 32. b3 Qa1+ (32... Qd4 $142 33. Qxd4 Bxd4) 33. Kg2 Qxa2 34. Bf5 (34. Nf5 $1 $18 Re6 35. Nxg7 (35. Nxd6 Rxd6 36. Qxd6 Qxb3 $16) 35... Kxg7 36. Bxe6 fxe6 37. Qxe6) 34... Qb2 $16 35. Ng4 {[%mdl 1024] White has strong compensation.} Rh5 36. Qa8+ Bf8 37. Qd8 Kg7 $11 38. Be4 Qd4 39. Bf3 Rb5 40. Ne3 Qf6 41. Qc8 Qe6 42. Qxa6 Rxb4 43. Bd5 Qe5 44. Qa7 Be7 (44... Qe8 $142) 45. f4 $16 Qf6 {[#]} 46. Bc4 $1 $36 {[%mdl 2048] White is really pushing.} Bd8 (46... Bf8 $16) 47. Nd5 ({White has to play} 47. Qd7 $18) 47... Qb2+ $14 48. Kh3 Rxb3 {[#]} (48... Rxc4 $1 $14 49. bxc4 Qe2 50. Qd4+ Kh6) 49. Nb4 $1 $16 {[%mdl 512]} Rxb4 (49... Kh6 50. Qxf7) 50. Qxf7+ Kh6 51. Qf8+ {[%mdl 64] Double Attack} Kg6 $2 {[%mdl 8192]} (51... Qg7 $16 52. Qxd6+ Qf6 53. Qxb4 Qf5+ 54. Kg2 Qe4+ 55. Kf2 Kg7) 52. Bd3+ {Weighted Error Value: White=0.14/Black=0.34} 1-0

[Event "5th Vergani Cup January 2021"]
[Site "Bassano del Grappa"]
[Date "2021.01.06"]
[Round "6.9"]
[White "Pigato, Alex"]
[Black "Brotto, Alessandro"]
[Result "0-1"]
[WhiteElo "1725"]
[BlackElo "1921"]
[Annotator "TA"]
[PlyCount "115"]
[EventDate "2021.01.03"]
[EventType "swiss"]
[EventCountry "ITA"]
[SourceTitle "playchess.com"]
[Source "ChessBase"]
[SourceQuality "1"]

{[%evp 12,115,36,16,25,25,19,22,28,-7,2,-7,0,5,20,13,28,20,33,30,38,12,16,12,25,25,102,82,74,58,61,52,79,69,72,58,134,49,81,81,79,88,111,0,7,8,6,0,0,0,0,0,0,0,0,0,0,0,0,0,0,0,3,0,4,8,8,0,-5,-91,-80,-56,0,-87,-82,-82,-76,-39,-50,-118,-118,-118,-119,-125,-120,-125,-8,-11,0,-172,-172,-29970,-29963,-29972,-29972,-29979,-29980,-29980,-29981,-29981,-29982,-29982,-29983,-29984,-29985,-29987]} 1. d4 d5 2. Nf3 a6 3. c4 dxc4 4. e3 Bg4 5. Bxc4 e6 6. O-O Nf6 7. Nbd2 Nbd7 {D22: Queen's Gambit Accepted: 3 Nf3 a6 4 e3.} 8. b3 Be7 9. Bb2 O-O {The position is equal.} 10. Qc2 c5 11. Rac1 Rc8 12. Qb1 {[#]} b5 $146 ({Predecessor:} 12... Bh5 13. Bd3 Bg6 14. Bxg6 hxg6 15. Rfd1 cxd4 {½-½ (16) Kalinowska,Z (1966)-Prigodin,R (2036) Panevezys 2018}) 13. Bd3 Bh5 14. h3 Bg6 15. Bxg6 hxg6 16. Rfd1 Qb6 17. dxc5 Bxc5 18. Ne4 Nd5 (18... Be7 $11) 19. Nxc5 Rxc5 20. Bd4 Rxc1 21. Rxc1 Qb7 22. Qc2 N7f6 23. a3 Ra8 (23... Rb8 $14) 24. Ne5 (24. e4 $16) 24... Ne7 25. Qc7 Qxc7 26. Rxc7 Nfd5 27. Ra7 (27. Rd7 $16) 27... Rxa7 $11 28. Bxa7 {[%mdl 4096] Endgame KBN-KNN} f6 29. Nd7 Nc6 30. Bd4 Nxd4 31. exd4 {KN-KN} Nc3 32. Kf1 Nb1 33. Ke2 Nxa3 34. Kd3 a5 35. Nc5 Kf7 36. Nb7 Ke7 37. Nxa5 {Black must now prevent Nc6+.} Kd6 38. Nb7+ Kd5 39. b4 Nc4 40. Na5 (40. Nc5 $11 {remains equal.}) 40... Nb2+ 41. Kc2 Nc4 42. Kd3 Nd6 43. Nb3 Nf5 $1 44. g4 Ne7 45. Na1 (45. Nc5 $15) 45... g5 $17 46. Nc2 Ng6 {aiming for ...Nf4+.} 47. Ne3+ Kd6 48. Ke4 {[#]} Nf4 (48... Ne7 $1 $17) 49. h4 $1 $11 Nd5 (49... Nh3 {feels hotter.} 50. hxg5 Nxg5+ 51. Kf4 Nh3+ 52. Kg3 Ng1) 50. Nxd5 (50. hxg5 $11 {and White has nothing to worry.} Nxb4 51. gxf6 gxf6 52. f4) 50... exd5+ {KP-KP} 51. Ke3 $2 (51. Kf3 $19) 51... gxh4 {Black mates.} 52. f4 {[#]} f5 $1 53. Kf3 fxg4+ 54. Kxg4 Ke6 55. Kxh4 Kf5 56. Kg3 Ke4 57. Kg4 Kxd4 58. Kg5 {Weighted Error Value: White=0.35/Black=0.13} 0-1

[Event "5th Vergani Cup January 2021"]
[Site "Bassano del Grappa"]
[Date "2021.01.06"]
[Round "6.10"]
[White "Toniolo, Samuel"]
[Black "Budyi, Danylo"]
[Result "1-0"]
[WhiteElo "1997"]
[BlackElo "1759"]
[Annotator "TA"]
[PlyCount "31"]
[EventDate "2021.01.03"]
[EventType "swiss"]
[EventCountry "ITA"]
[SourceTitle "playchess.com"]
[Source "ChessBase"]
[SourceQuality "1"]

{[%evp 12,31,50,49,59,62,86,76,67,65,74,75,204,216,212,220,213,216,386,380,381,381]} 1. e4 e6 2. d4 d5 3. Nd2 dxe4 4. Nxe4 Nf6 5. Nxf6+ Qxf6 6. Nf3 h6 7. Bd3 Nd7 {C10: French with 3 Nc3: Unusual Black 3rd moves and 3...dxe4.} 8. Qe2 c6 9. Bd2 Bd6 {White is better.} 10. c4 Qe7 11. O-O {[#]} f5 $146 (11... b6 $16) ({Predecessor:} 11... Nf6 12. a3 Bd7 13. b4 O-O 14. Rfe1 Rfe8 15. Bc2 a5 16. c5 Bc7 17. Qd3 axb4 18. axb4 {1-0 (44) Das,A (2430)-Alam,B (1858) Dhaka 2018}) 12. Rfe1 O-O 13. Qxe6+ Qxe6 14. Rxe6 Bxh2+ {[#]} (14... Bc7 {was necessary.} 15. Re2 Nf6) 15. Nxh2 $18 ({But not} 15. Kxh2 Nc5 $18) 15... Nc5 16. Re3 {Black got outplayed after the opening.  Weighted Error Value: White=0.02/Black=0.39} ({Not} 16. dxc5 Bxe6 17. Bf4 Rad8 $18) 1-0

[Event "5th Vergani Cup January 2021"]
[Site "Bassano del Grappa"]
[Date "2021.01.06"]
[Round "7.1"]
[White "Warmerdam, Max"]
[Black "Bjerre, Jonas Buhl"]
[Result "1-0"]
[WhiteElo "2506"]
[BlackElo "2551"]
[Annotator "TA"]
[PlyCount "133"]
[EventDate "2021.01.03"]
[EventType "swiss"]
[EventCountry "ITA"]
[SourceTitle "playchess.com"]
[Source "ChessBase"]
[SourceQuality "1"]

{[%evp 16,133,17,5,20,16,19,8,8,14,27,0,10,12,8,0,0,0,0,0,0,0,50,57,72,22,36,42,88,24,26,15,22,20,41,0,24,24,16,0,0,0,0,0,0,0,0,0,0,0,0,0,16,26,102,106,100,99,99,94,122,102,81,108,102,89,247,254,228,227,228,230,230,225,227,231,224,227,225,225,508,508,508,385,500,500,457,462,499,480,500,0,443,428,394,186,231,231,266,229,508,504,626,582,537,515,5413,448,394,350,379,370,500,500,395,487,486,486,29984,29985]} 1. e4 c5 2. Nf3 d6 3. Bb5+ Bd7 4. Bxd7+ Nxd7 5. O-O Ngf6 6. Qe2 e6 7. c3 Be7 8. d4 O-O {8...0-0 is better than 8...cxd4.} 9. Rd1 Rc8 {B52: Sicilian: Moscow Variation with 3...Bd7.} 10. e5 Ne8 11. dxc5 Nxc5 {[#] The position is equal.} 12. Na3 $146 ({Predecessor:} 12. c4 Qb6 13. Nc3 Nd7 14. Be3 Qd8 15. Rd2 Qa5 16. exd6 Bf6 17. Ne4 Bd8 18. Bd4 {1-0 (36) Kratochvil,V (2270)-Duran Vallverdu,J (2278) ICCF email 2014}) 12... d5 13. Nb5 a6 14. Nbd4 Nc7 15. Bf4 Na8 16. h4 b5 17. g3 Nb6 18. Kg2 Ne4 19. Ng5 Nxg5 20. hxg5 Bxg5 21. Rh1 h6 22. Rh5 (22. Qg4 $16) 22... Bxf4 $11 23. gxf4 Qe8 $1 24. f5 exf5 25. Rah1 Nc4 26. f4 Rc6 27. Nxf5 Rg6+ 28. Kf1 Qd7 29. b3 Rc8 30. bxc4 Rxc4 31. Qd2 Rg4 32. Nd4 {[%cal Bf5d4,Bd4e2,Be2f4][%mdl 32]} b4 33. cxb4 Qc7 34. Ne2 {Black must now prevent R5h4.} Rgxf4+ 35. Nxf4 $16 Rc1+ 36. Ke2 $1 Rc2 {[#]} 37. Nd3 $1 {Threatens to win with Rc1.} Qc4 38. Qxc2 Qxc2+ 39. Ke3 Qxa2 40. Rg1 {Hoping for Rxh6.} Qc4 $2 (40... a5 $16) 41. Rxh6 $1 $18 Qe4+ 42. Kd2 d4 {And now ...Qe3+ would win.} 43. Rg3 g6 44. Rh2 Qd5 {...Qa2+ is the strong threat.} 45. Rf2 a5 46. bxa5 Qxa5+ 47. Ke2 Qa2+ $2 (47... Kf8 {was worth a try.} 48. Rgf3 Ke8) 48. Kf1 Qd5 49. Rgf3 Qe4 50. Kg1 Qg4+ 51. Kh2 $1 Qh4+ 52. Kg2 Qg4+ 53. Kh2 Qh4+ $1 54. Rh3 $1 {[%cal Rh3h4]} Qe4 55. Rg2 (55. Rg3 $142) 55... Kg7 56. Rhg3 $1 Qh4+ {[#]} 57. Kg1 $1 Qe4 $2 (57... Kf8 {was called for.} 58. Rg4 Qh5) 58. Rf2 Kg8 59. Rf4 Qe2 60. Rgf3 g5 (60... Qd1+ $142 61. Kg2 Qe2+ 62. Kg3 Qd1 63. Rxf7 Qg1+ 64. Kh4 Qh2+ 65. Kg4 Qh5+ 66. Kg3 Qg5+ 67. Kh2 Qh5+ 68. Kg2 Qg4+ 69. Kf1 Qe4) 61. Rg3 (61. Rxf7 $142 Qc2 62. R7f5) 61... Kf8 62. Rf2 Qe4 63. Rff3 Ke7 64. Kf2 Qh4 {[#] Black hopes to continue with ...g4.} 65. Kg2 $1 Ke8 66. Nf2 {Strongly threatening Rh3.} Ke7 (66... Qh7 $18 67. Rxg5 Ke7) 67. Rh3 {Weighted Error Value: White=0.19/Black=0.25} 1-0

[Event "5th Vergani Cup January 2021"]
[Site "Bassano del Grappa"]
[Date "2021.01.06"]
[Round "7.2"]
[White "Moroni, Luca Jr"]
[Black "Nguyen, Thai Dai Van"]
[Result "1/2-1/2"]
[WhiteElo "2562"]
[BlackElo "2571"]
[Annotator "TA"]
[PlyCount "30"]
[EventDate "2021.01.03"]
[EventType "swiss"]
[EventCountry "ITA"]
[SourceTitle "playchess.com"]
[Source "ChessBase"]
[SourceQuality "1"]

{[%evp 9,30,10,0,-11,-10,-2,18,0,6,-12,-14,-33,-13,-11,-16,-33,-11,-10,-4,-5,0,0,0]} 1. d4 d5 2. Bf4 Nf6 3. e3 Bf5 4. c4 e6 5. Nc3 Bb4 6. Bd3 {D00: 1 d4 d5: Unusual lines.} Bxd3 7. Qxd3 O-O 8. Nf3 c5 9. O-O cxd4 {[#]} 10. Qxd4 $5 $146 {[%mdl 8] An interesting novelty.} ({Predecessor:} 10. Nxd4 dxc4 11. Qxc4 Bxc3 12. Qxc3 Nd5 13. Qc4 Nxf4 14. exf4 Qb6 15. Rfd1 Rd8 16. Nb3 {0-1 (25) Grachev,B (2612)-Giri,A (2764) chess.com INT 2020}) 10... Nc6 11. Qd3 Rc8 12. Rac1 dxc4 13. Qxc4 {The position is equal.} Bxc3 14. Qxc3 Nd5 15. Qb3 Nxf4 {An uneventful encounter.  Weighted Error Value: White=0.12/Black=0.07} 1/2-1/2

[Event "5th Vergani Cup January 2021"]
[Site "Bassano del Grappa"]
[Date "2021.01.06"]
[Round "7.3"]
[White "Bellahcene, Bilel"]
[Black "Dardha, Daniel"]
[Result "1-0"]
[WhiteElo "2510"]
[BlackElo "2487"]
[Annotator "TA"]
[PlyCount "57"]
[EventDate "2021.01.03"]
[EventType "swiss"]
[EventCountry "ITA"]
[SourceTitle "playchess.com"]
[Source "ChessBase"]
[SourceQuality "1"]

{[%evp 9,57,7,81,72,74,54,51,55,156,162,162,127,200,160,135,130,167,158,160,138,181,186,177,147,114,125,213,189,164,172,183,186,170,177,313,243,309,311,684,658,947,899,922,910,979,997,955,1015,997,954]} 1. e4 c5 2. Nf3 Nc6 3. b4 cxb4 4. d4 g6 5. a3 d5 (5... Bg7 $11 {remains equal.}) 6. exd5 $1 $16 {B30: Sicilian: 2...Nc6 3 Bb5, lines without ...g6.} Qxd5 {[#]} 7. axb4 $1 {[%cal Ba3b4,Bb4b5][%mdl 32] [#]} e5 $146 {[%cal Rc6d4]} ({Predecessor:} 7... Nxb4 8. Nc3 Qf5 9. Bb5+ Bd7 10. Bxd7+ Qxd7 11. O-O Bg7 12. Qe2 Nc6 13. Rd1 Kf8 {0-1 (40) Clough,F (2045)-Jefferson,N (2028) ICCF email 2011}) 8. c3 {White is slightly better.} e4 (8... Bg4 $14) 9. Nfd2 Nf6 10. b5 {Hoping for Bc4.} Nd8 (10... Bg4 $16 11. Bc4 Bxd1 12. Bxd5 Nxd5) 11. Nc4 b6 12. Be2 Bb7 13. O-O Be7 14. Ne5 Qe6 15. c4 Nd7 16. f4 exf3 17. Nxf3 Bf6 (17... O-O $16) 18. Ra3 {Re3 is the strong threat.} O-O 19. Re3 Qd6 {[#]} 20. Ba3 $1 {[%cal Ra3d6]} Qf4 21. Rd3 $36 {[%mdl 2048] White has strong initiative.} Ne6 (21... Qc7 {keeps fighting.}) 22. Ne5 $18 ({Don't take} 22. Bxf8 $6 Rxf8 23. Ne5 Qg5 $18) 22... Qg5 {[%csl Gb7][%cal Rg5g2]} 23. Rg3 Qh4 (23... Qh6 24. Ng4 (24. Nxd7 Bxd4+ 25. Kh1 Rfd8 $11) (24. Bxf8 Qxf8 25. Nxd7 Bxd4+ 26. Kh1 Qd8 $16) 24... Qg7) 24. Rg4 {White is clearly winning.} ({Weaker is} 24. Nxd7 Bxd4+ 25. Kh1 Rfd8 $16) 24... Nxe5 25. Rxh4 Bxh4 26. Bxf8 Rd8 {[#]} 27. d5 $1 Kxf8 (27... Bg5 28. Bb4) 28. Qc1 Ng7 29. Qf4 {[%mdl 64] Double Attack.  Weighted Error Value: White=0.05/Black=0.53} 1-0